| 000 | 00588cam a2200193u 4500 | ||
|---|---|---|---|
| 999 |
_c126416 _d126416 |
||
| 001 | 7012466 | ||
| 003 | ARRUPE | ||
| 005 | 20170412094846.0 | ||
| 008 | 961122s1958 enkacf 000 0 eng | ||
| 010 | _al 59001304 | ||
| 040 |
_aDLC _cCarP _dDLC |
||
| 050 | 0 | 0 |
_aN5300 _b.B393 |
| 100 | 1 |
_aBazin, Germain. _929857 |
|
| 245 | 1 | 2 |
_aA concise history of art. _cGermain Bazin |
| 260 |
_aLondon, _bThames and Hudson _c1962 |
||
| 300 |
_a544 p. _billus., col. plates, ports. (part col.) _c21 cm. |
||
| 650 | 0 |
_aArt _xHistory. _926722 |
|
| 906 |
_a0 _bcbc _cpremunv _du _encip _f19 _gy-gencatlg |
||
| 942 |
_2lcc _cMONOGRAPH |
||